| 000 | 00359pab a2200145 454500 | ||
|---|---|---|---|
| 008 | 180718b1987 xxu||||| |||| 00| 0 eng d | ||
| 100 | _aBurger, Angela S. | ||
| 245 |
_aPolicing a communal society _bThe case of Sri Lanka |
||
| 260 | _c1987 | ||
| 300 | _a822-33 | ||
| 362 | _aJuly | ||
| 650 | _aPolice - Sri Lanka | ||
| 773 | _aAsian Survey | ||
| 909 | _a15175 | ||
| 999 |
_c15175 _d15175 |
||